<?xml version="1.0" encoding="UTF-8"?>
<marc:record xmlns:marc="http://www.loc.gov/MARC21/slim">
   <marc:leader>00000nam a2200000 a 4500</marc:leader>
   <marc:datafield ind1="1" ind2=" " tag="100">
      <marc:subfield code="a">Siegner, Ingo</marc:subfield>
      <marc:subfield code="4">aut</marc:subfield>
      <marc:subfield code="e">Verfasser/-in</marc:subfield>
   </marc:datafield>
   <marc:datafield ind1="0" ind2="0" tag="245">
      <marc:subfield code="a">Der kleine Drache Kokosnuss - Weihnachtsfest in der Drachenhöhle</marc:subfield>
   </marc:datafield>
   <marc:datafield ind1=" " ind2="1" tag="264">
      <marc:subfield code="b">cbj</marc:subfield>
      <marc:subfield code="c">2018</marc:subfield>
   </marc:datafield>
   <marc:datafield ind1="1" ind2=" " tag="520">
      <marc:subfield code="a">Der kleine Drache Kokosnuss und seine Freunde Oskar und Matilda wollen ihrem Freund Knödel mit einem besonderen Weihnachtsgeschenk eine Freude machen. Doch was schenkt man jemandem, der schon eine ganze Tödelhöhle voller toller Sachen hat? Wird den drei Freunden eine passende Idee einfallen, um Trödel ein unvergessliches Weihnachtsfest zu bereiten? Eine ganz neue Weihnachtsgeschichte von der Dracheninsel. Eine 24-seitige Bilderbuchgeschichte mit dem kleinen Drachen Kokosnuss.</marc:subfield>
   </marc:datafield>
   <marc:datafield ind1=" " ind2=" " tag="020">
      <marc:subfield code="a">9783570175903</marc:subfield>
      <marc:subfield code="9">9783570175903</marc:subfield>
   </marc:datafield>
</marc:record>
